Small Things Like These. (Record no. 3557)

MARC details
000 -LEADER
fixed length control field 00355nam a22001457a 4500
008 - FIXED-LENGTH DATA ELEMENTS--GENERAL INFORMATION
fixed length control field 250520b |||||||| |||| 00| 0 eng d
020 ## - INTERNATIONAL STANDARD BOOK NUMBER
ISBN 9780571368686
100 ## - MAIN ENTRY--AUTHOR
Author Keegan Claire
245 ## - TITLE STATEMENT
Title Small Things Like These.
260 ## - PUBLICATION, DISTRIBUTION, ETC. (IMPRINT)
Place of publication London
Name of publisher Faber
Date of publication 2021
300 ## - COLLATION
Pagination 116p.
Other physical details 20.5cm;
650 ## - TRACINGS
Main Subject Fiction
942 ## - ADDED ENTRY ELEMENTS (KOHA)
Item type Books
050 ## - LIBRARY OF CONGRESS CALL NUMBER
Classification number PR6061.E329 S63
Item number .K44
Holdings
Source of classification or shelving scheme Not for loan Permanent location Current location Date acquired Accession No. Full call number Barcode. Koha item type
Library of Congress Classification   Samuel Ogbemudia Main Library, University of Abuja Samuel Ogbemudia Main Library, University of Abuja 05/20/2025 2024/64376 PR6061.E329 S63.K44 2025-2027 Books